Nicolas Cage said what? - Statistics

General Stats
  • This quiz has been taken 12 times
  • The average score is 7 of 12
Answer Stats
Quote Movie % Correct
"Put... the bunny... back... in the box." Con Air
91%
"I came here to drink myself to death." Leaving Las Vegas
91%
"If he wants to discuss it, he knows where to find me: in the Maricopa County Maximum Security Correctional Facility For Men State Farm, Road Number 31, Tempe, Arizona! I'LL BE WAITIN'! I'll be waitin'." Raising Arizona
91%
"Having sex or boosting cars... Um, oo! Well, uh... How about having sex WHILE boosting cars?" Gone in 60 seconds
82%
"Look, I'm just a biochemist. Most of the time, I work in a little glass jar and lead a very uneventful life. I drive a Volvo, a beige one. But what I'm dealing with here is one of the most deadly substances the earth has ever known, so what say you cut me some FRIGGIN' SLACK?" The Rock
82%
"Y'know, I could eat a peach for hours." Face Off
73%
"There are over 550 million firearms in worldwide circulation. That's one firearm for every twelve people on the planet. The only question is: How do we arm the other 11?" Lord of War
55%
"Here is the thing about the future. Every time you look at, it changes, because you looked at it, and that changes everything else." Next
45%
"...Had we lost the war, they would have been hanged, beheaded, drawn and quartered, and-Oh! Oh, my personal favorite-and had their entrails cut out and *burned*!" National Treasure
36%
"Chrissy, over on the wall, bring me the big knife. I want to cut my throat." Moonstruck
27%
"The first time I was struck with something, a chicken breast from Kenny Rogers. I was standing next to a garbage pail. I thought it might've been an accident, that they were throwing it out. The second time, it hit me square on the chin, a soft taco. Then, pop. A falafel. McNuggets. Always fast food..." Weather Man
18%
'People get married and then they do the most hideous, unbelievable things to each other." Honeymoon in Vegas
0%
No matching quizzes found
Score Distribution
Percent of People with Each Score
Percentile by Number Answered
Your Score History
You have not taken this quiz